Vocabulaire anglais - La salle de bain - Statistiques

Statistiques générales
  • Ce quiz a été pris 39 fois
  • Le résultat moyen est 4 sur 20
Statistiques - réponses
Français Anglais % Correct
Peigne Comb
57%
Vernis à ongles Nail polish
52%
Après-shampooing Hair conditioner
48%
Peignoir Bathrobe
29%
Panier à linge Laundry basket
24%
Coton-tige Q-tip
24%
Prise électrique Socket
24%
Tapis de bain Bathmat
14%
Bain de bouche Mouthwash
14%
Pommeau de douche Showerhead
14%
Anti-transpirant Antiperspirant
10%
Cabine de douche Shower stall
10%
Porte-serviette Towel rack
10%
Être propre comme un sou neuf Be squeaky-clean
5%
Fleur de douche Body puff
5%
Se rafraîchir, faire un brin de toilette Freshen up
5%
Se savonner Lather up
5%
Armoire à pharmacie Medicine cabinet
5%
Lime à ongles Nail file
5%
Poudre de talc Talcum powder
5%
Aucun quiz correspondant
Distribution des résultats
% des personnes avec chaque résultat
Percentile par nombre de réponses
Votre historique - résultats
Vous n’avez pas pris ce quiz